01359nam a22002777a 4500003000900000005001700009007000300026008004100029040002600070082001900096100005100115245009000166260004100256300002200297590003000319600005400349650002500403650002400428910004800452942001400500952013400514952013900648952014200787952013500929999001701064DO-SdBNP20260202095303.0ta220202b2010 dr ||||| |||| 00| 0 spa d aDO-SdBNPbspacBNPHU  4a248bP438m2221 925967aPérez Rodríguez, Franklin A. del C.10aMi experiencia con Jesús y los Ángeles /cFranklin A. del C. Pérez Rodríguez. aSanto Domingo :bCentenario, c2010. a184 p. ;c21 cm.  aInventariado, 2022 /LP 14aPérez Rodríguez, Franklin A. del C.d 981350 0aVida espiritual9268 0aEspiritualidad9613 aLopérez./Validado. Control de calidad MFF 2ddccLBS1 00102ddc51708PDaBNPHUbBNPHUcHDd2022-02-02eDepósito Legal oBNPHU PD 248 P438mp2022-0486r2022-02-02w2022-02-02yLBS1 00102ddc51708PDaBNPHUbBNPHUcHDd2022-02-02eDepósito Legal oBNPHU PD 248 P438mp2022-0487r2022-02-02te.2w2022-02-02yLBS1 00102ddc56708DSaBNPHUbBNPHUcHDd2022-02-02eDepósito Legal l0oBNPHU DS 248 P438mp2022-0488r2022-02-02te.3w2022-02-02yLBS1 00102ddc56708DSaBNPHUbBNPHUcHDd2022-03-30eDonaciónl0oBNPHU DS 248 P438mp2022-1022r2022-03-30te.4w2022-03-30yLBS1 c51304d51304